000
00280nam a2200133Ia 4500
100
_a
Rajaraman/V
942
_c
BK
654
_a
computer
245
_a
Fundamentals of Computer
260
_b
Prentice Hall
_a
New Delhi
_c
1986
300
_a
288
546
_a
ENGLISH
999
_c
28499
_d
28499